[Event "BL 8990 Bayern-Heidelberg"]
[Site "?"]
[Date "1989.??.??"]
[Round "?.2"]
[White "Ribli, Z."]
[Black "Steinbacher, M."]
[Result "1-0"]
[WhiteElo "2605"]
[BlackElo "2325"]
[PlyCount "67"]
[EventDate "1989.??.??"]

1. Nf3 c5 2. c4 Nc6 3. Nc3 Nd4 4. Ng1 Nf6 5. e3 Nc6 6. Nf3 e5 7. Be2 d6 8. O-O
Be7 9. d4 e4 10. Ng5 Bf5 11. d5 Ne5 12. Qc2 Nxd5 13. cxd5 Bxg5 14. Nxe4 Bxe4
15. Qxe4 Be7 16. Bd2 O-O 17. Rfc1 Bf6 18. Rab1 Re8 19. b4 Rc8 20. Qf4 c4 21. a4
Qd7 22. b5 Rc5 23. Bb4 Rxd5 24. Bxc4 Ng6 25. Qf3 Rg5 26. Bf1 Nh4 27. Qf4 Rg6
28. Kh1 Rg4 29. Qxd6 Qf5 30. Qd2 Nf3 31. Qe2 Nd4 32. Qd3 Qxf2 33. Be1 Qf5 34.
exd4 1-0

[Event "BL 8990 Bayern-Heidelberg"]
[Site "?"]
[Date "1989.??.??"]
[Round "?.3"]
[White "Neurohr, S."]
[Black "Hickl, J."]
[Result "0-1"]
[WhiteElo "2325"]
[BlackElo "2510"]
[PlyCount "58"]
[EventDate "1989.??.??"]

1. d4 Nf6 2. c4 d6 3. Nc3 e5 4. Nf3 e4 5. Ng5 Bf5 6. g4 Bxg4 7. Bg2 Be7 8.
Ngxe4 Nxe4 9. Bxe4 c6 10. Qc2 Bh5 11. Rg1 Bg6 12. Bf4 Na6 13. O-O-O Qd7 14.
Bxg6 fxg6 15. e4 O-O 16. Be3 Bh4 17. f4 Qh3 18. Qd2 Rae8 19. d5 c5 20. f5 gxf5
21. Bh6 Bf6 22. Rg3 Qh5 23. Rdg1 Rf7 24. Nb5 Rd8 25. Bg5 Bxg5 26. Rxg5 Qh4 27.
Qc3 Rdd7 28. Nxd6 Nb4 29. Qe5 Nd3+ 0-1

[Event "BL 8990 Bayern-Heidelberg"]
[Site "?"]
[Date "1989.??.??"]
[Round "?.4"]
[White "Bischoff, K."]
[Black "Grathwohl, R."]
[Result "1-0"]
[WhiteElo "2530"]
[BlackElo "2360"]
[PlyCount "87"]
[EventDate "1989.??.??"]

1. Nf3 e6 2. c4 Nf6 3. Nc3 d5 4. d4 Bb4 5. Bg5 O-O 6. e3 Re8 7. Rc1 Nc6 8. cxd5
exd5 9. Be2 Ne7 10. Bxf6 gxf6 11. a3 Ba5 12. b4 Bb6 13. O-O c6 14. Ne1 Qd6 15.
Nd3 Ng6 16. g3 Re7 17. Bg4 Be6 18. Na4 Bd8 19. Nac5 b6 20. Nb3 Rc7 21. Rc3 Qd7
22. Bf3 Be7 23. Qe2 Bd6 24. Rfc1 Rac8 25. Qd1 Bf5 26. Nd2 Ne7 27. Bg2 Qe6 28.
Nf3 Be4 29. Nfe1 Qf5 30. Bf3 Qg5 31. Bg4 f5 32. Be2 f4 33. exf4 Qg7 34. Ne5 f6
35. Bg4 fxe5 36. fxe5 Bf5 37. exd6 Bxg4 38. f3 Rd7 39. dxe7 Bf5 40. Rxc6 Re8
41. Rc8 Rdxe7 42. Rxe8+ Rxe8 43. Qd2 h6 44. Ng2 1-0

[Event "BL 8990 Bayern-Heidelberg"]
[Site "?"]
[Date "1989.??.??"]
[Round "?.6"]
[White "Schlosser, P."]
[Black "Zuse, P."]
[Result "1-0"]
[WhiteElo "2475"]
[BlackElo "2305"]
[PlyCount "115"]
[EventDate "1989.??.??"]

1. d4 Nf6 2. Nf3 g6 3. c4 Bg7 4. Nc3 d5 5. Qb3 dxc4 6. Qxc4 O-O 7. e4 a6 8. Qb3
c5 9. dxc5 Nbd7 10. Qb4 Qc7 11. Be3 Ng4 12. Bg5 Ngf6 13. Na4 a5 14. Qc4 Ra6 15.
Qc2 Re6 16. Bxf6 Nxf6 17. Bd3 Bd7 18. O-O Bxa4 19. Qxa4 Qxc5 20. e5 Nd5 21.
Rac1 Qb4 22. Qd7 Nb6 23. Qxb7 Bxe5 24. Nxe5 Rxe5 25. Rfd1 Rd8 26. Bf1 Rxd1 27.
Qb8+ Kg7 28. Qxe5+ f6 29. Qe3 Nc4 30. Qf4 Rxc1 31. Qxc1 Nxb2 32. Qe3 Nd1 33.
Qe6 Qc5 34. Qe2 Nc3 35. Qc2 Qa3 36. Bc4 Qb4 37. Bd3 a4 38. Qd2 Qd4 39. a3 Qc5
40. Qb2 Nd1 41. Qd2 Nc3 42. Qb2 Qd4 43. Bf1 f5 44. h4 f4 45. Qb7 Qc5 46. Qb8 e5
47. Kh2 Nd1 48. f3 Kh6 49. Qd8 Ne3 50. Bd3 e4 51. Bxe4 Nf1+ 52. Kh3 Qg1 53.
Qg5+ Kg7 54. Qe5+ Kh6 55. Qxf4+ Kg7 56. Qe5+ Kh6 57. Qg5+ Kg7 58. Qe7+ 1-0

[Event "BL 8990 Bayern-Heidelberg"]
[Site "?"]
[Date "1989.??.??"]
[Round "?.7"]
[White "Neunhoeffer, H."]
[Black "Hecht, H."]
[Result "1-0"]
[WhiteElo "2265"]
[BlackElo "2435"]
[PlyCount "79"]
[EventDate "1989.??.??"]

1. d4 Nf6 2. c4 e6 3. Nc3 Bb4 4. e3 O-O 5. Bd3 Nc6 6. Nge2 e5 7. O-O exd4 8.
exd4 h6 9. Bc2 Re8 10. a3 Bf8 11. b4 d5 12. c5 Ne7 13. Ng3 Be6 14. Nce2 Qc8 15.
Nf4 Nf5 16. Nxe6 Nxg3 17. hxg3 Qxe6 18. Bf4 c6 19. Re1 Qd7 20. Qf3 Rxe1+ 21.
Rxe1 Re8 22. Rxe8 Nxe8 23. Bb8 g6 24. Bxa7 Nc7 25. Bb8 Qc8 26. Bxc7 Qxc7 27.
Qe3 Qe7 28. b5 cxb5 29. Bb3 Qd7 30. Qf3 Bg7 31. Bxd5 Bxd4 32. Qe4 Bg7 33. g4
Kf8 34. Bxb7 Qd1+ 35. Kh2 Qd4 36. Qc2 Qxg4 37. Be4 Be5+ 38. g3 h5 39. c6 h4 40.
Qc5+ 1-0

[Event "BL 8990 Bayern-Heidelberg"]
[Site "?"]
[Date "1989.??.??"]
[Round "?.8"]
[White "Klundt, K."]
[Black "Weber, M."]
[Result "1-0"]
[WhiteElo "2390"]
[BlackElo "2305"]
[PlyCount "63"]
[EventDate "1989.??.??"]

1. e4 c5 2. Nf3 e6 3. d4 cxd4 4. Nxd4 Nf6 5. Nc3 d6 6. f4 a6 7. Be2 Be7 8. O-O
O-O 9. Kh1 Qc7 10. a4 Nc6 11. Be3 Rd8 12. Qe1 Nxd4 13. Bxd4 e5 14. Bg1 exf4 15.
a5 Re8 16. Bb6 Qc6 17. Rxf4 Be6 18. Qg3 Nd7 19. Bd4 Ne5 20. Raf1 Bf8 21. h4 Ng6
22. R4f3 Ne5 23. R3f2 g6 24. h5 Bg7 25. Qh4 Nf3 26. Rxf3 Bxd4 27. Nd5 Bxd5 28.
exd5 Qxd5 29. hxg6 hxg6 30. Rxf7 Qxf7 31. Rxf7 Kxf7 32. Bc4+ 1-0

[Event "BL 8990 Dortmund-Solingen"]
[Site "?"]
[Date "1990.??.??"]
[Round "?.3"]
[White "Lobron, E."]
[Black "Keitlinghaus, L."]
[Result "1/2-1/2"]
[WhiteElo "2585"]
[BlackElo "2405"]
[PlyCount "120"]
[EventDate "1990.??.??"]

1. c4 e5 2. Nc3 Bb4 3. Qb3 a5 4. a3 Bxc3 5. Qxc3 Qe7 6. Nf3 d6 7. b3 Nf6 8. e3
O-O 9. Bb2 c5 10. d3 Nc6 11. Be2 Re8 12. O-O Bg4 13. Rfe1 Rad8 14. h3 Bh5 15.
Rad1 h6 16. Qc2 Bg6 17. Nd2 Bh5 18. Bxh5 Nxh5 19. Ne4 f5 20. Nc3 Qf7 21. Nd5
Nf6 22. Nxf6+ Qxf6 23. f4 Qf7 24. Qf2 e4 25. dxe4 Rxe4 26. a4 Qe6 27. Qd2 Kh7
28. Qc3 Rd7 29. Kf2 Nb4 30. Qd2 d5 31. cxd5 Rxd5 32. Qc3 Qe7 33. Rxd5 Nxd5 34.
Qd2 Nb4 35. Rd1 Qh4+ 36. Kg1 Qe7 37. Qd7 Re6 38. Qc8 Rg6 39. Be5 Qh4 40. Bxg7
Rxg7 41. Qxf5+ Kh8 42. Qc8+ Kh7 43. Qf5+ Kh8 44. Qxc5 Nc6 45. Kf1 Qg3 46. Rd2
Qg6 47. Qc4 Qb1+ 48. Kf2 Qg6 49. g4 Qf6 50. Kg3 Qa1 51. Kg2 Re7 52. Rd3 Qb2+
53. Kg3 Qb1 54. Qc3+ Kh7 55. Qd2 Qg1+ 56. Kh4 Kg7 57. Rd7 Qa1 58. Rxe7+ Nxe7
59. Qd6 Nf5+ 60. gxf5 Qe1+ 1/2-1/2

[Event "BL 8990 Dortmund-Solingen"]
[Site "?"]
[Date "1990.??.??"]
[Round "?.4"]
[White "Thesing, M."]
[Black "Lau, R."]
[Result "0-1"]
[WhiteElo "2370"]
[BlackElo "2470"]
[PlyCount "86"]
[EventDate "1990.??.??"]

1. d4 g6 2. e4 d6 3. c3 Bg7 4. Nf3 Nf6 5. Qc2 O-O 6. Be2 c5 7. dxc5 d5 8. exd5
Qxd5 9. O-O Qxc5 10. Be3 Qc7 11. Na3 Nc6 12. Nb5 Qb8 13. Rad1 Ng4 14. Bg5 Bf5
15. Qd2 a6 16. Nbd4 Nxd4 17. cxd4 Qd6 18. Bf4 Qd5 19. b3 Nf6 20. Rc1 Rac8 21.
Ne5 Ne4 22. Qb2 Nd6 23. g4 Be6 24. Bf3 Qb5 25. Be2 Qa5 26. Bd2 Qd5 27. Bf3 Qb5
28. Be3 Bxe5 29. dxe5 Nc4 30. a4 Qb4 31. Qd4 Qxb3 32. Rb1 Qxa4 33. Rxb7 Rfd8
34. Ra1 Rxd4 35. Rxa4 Nxe3 36. Rxd4 Rc1+ 37. Bd1 Rxd1+ 38. Rxd1 Nxd1 39. h3 Kf8
40. Ra7 Bc4 41. Kg2 Nc3 42. Kf3 Bb5 43. Kg3 g5 0-1

[Event "BL 8990 Dortmund-Solingen"]
[Site "?"]
[Date "1990.??.??"]
[Round "?.5"]
[White "Schneider, B1."]
[Black "Buecker, S."]
[Result "1/2-1/2"]
[WhiteElo "2475"]
[BlackElo "2325"]
[PlyCount "87"]
[EventDate "1990.??.??"]

1. c4 f5 2. g3 Nf6 3. Nf3 d6 4. Bg2 g6 5. Nc3 Bg7 6. O-O O-O 7. Rb1 e5 8. d3
Nc6 9. b4 Qe8 10. b5 Nd8 11. Nd5 Nxd5 12. cxd5 a6 13. b6 c5 14. dxc6 Nxc6 15.
Ba3 Rf6 16. Ng5 h6 17. Qb3+ Kh8 18. Bxc6 bxc6 19. b7 Bxb7 20. Qxb7 hxg5 21. Rb6
c5 22. Rfb1 Rf7 23. Qd5 Bf8 24. Bc1 f4 25. Bd2 Raa7 26. Rb8 Qe7 27. Ba5 Qf6 28.
g4 f3 29. e3 Kg7 30. h3 Be7 31. Bb6 Rd7 32. Bxc5 Rf8 33. Ba3 Qf7 34. Qxf7+ Kxf7
35. Rxf8+ Bxf8 36. Rb6 a5 37. Ra6 Ke6 38. Rxa5 Rc7 39. Bb4 e4 40. d4 Rc1+ 41.
Kh2 Rf1 42. d5+ Kf7 43. Ra7+ Kg8 44. Ra8 1/2-1/2

[Event "BL 8990 Dortmund-Solingen"]
[Site "?"]
[Date "1990.??.??"]
[Round "?.6"]
[White "Buecker, P."]
[Black "Reeh, O."]
[Result "1/2-1/2"]
[WhiteElo "2360"]
[BlackElo "2430"]
[PlyCount "88"]
[EventDate "1990.??.??"]

1. e4 d6 2. d4 g6 3. Nc3 Bg7 4. Bc4 Nc6 5. d5 Ne5 6. Be2 Nf6 7. f4 Ned7 8. Nf3
O-O 9. O-O c6 10. Be3 Nb6 11. a4 Bg4 12. a5 Bxf3 13. Rxf3 Nbd7 14. Rf1 a6 15.
Bf3 Qc7 16. dxc6 bxc6 17. Na4 Rab8 18. Nb6 Nxb6 19. axb6 Qb7 20. Qd3 Ra8 21. e5
dxe5 22. fxe5 Nd5 23. Bxd5 cxd5 24. Bd4 Rfc8 25. c3 Rc6 26. Ra2 e6 27. Rfa1
Rxb6 28. Bxb6 Qxb6+ 29. Qd4 Qc7 30. Re1 Rb8 31. b4 Rb6 32. Rf2 Rc6 33. Rf3 Rc4
34. Qf2 Rxc3 35. Rxc3 Qxc3 36. Qe3 Qxb4 37. Rc1 h5 38. h3 Qb2 39. Rc8+ Kh7 40.
Rc7 Qa1+ 41. Kf2 Qb2+ 42. Kf3 d4 43. Qf4 d3 44. Rxf7 Qe2+ 1/2-1/2

[Event "BL 8990 Dortmund-Solingen"]
[Site "?"]
[Date "1990.??.??"]
[Round "?.7"]
[White "Podzielny, K."]
[Black "Konikowski, J."]
[Result "1-0"]
[WhiteElo "2430"]
[BlackElo "2380"]
[PlyCount "101"]
[EventDate "1990.??.??"]

1. d4 d5 2. c4 e6 3. Nc3 Nf6 4. Bg5 Be7 5. Nf3 O-O 6. e3 h6 7. Bh4 b6 8. Qb3
Bb7 9. Bxf6 Bxf6 10. cxd5 exd5 11. Rd1 Re8 12. Be2 c6 13. O-O Qd6 14. Rfe1 Nd7
15. Bf1 c5 16. Qa3 Qe6 17. Ba6 Bxa6 18. Qxa6 Qc6 19. a4 Red8 20. Rc1 Nb8 21.
Qe2 Nd7 22. Red1 Rac8 23. dxc5 Nxc5 24. Nb5 Qb7 25. Qc2 a6 26. Nbd4 g6 27. b4
Ne4 28. Nc6 Re8 29. Nfd4 Kg7 30. b5 a5 31. Ne2 Qd7 32. Ng3 Qe6 33. Nxe4 dxe4
34. Qc4 Rc7 35. Qxe6 Rxe6 36. Rd5 Be7 37. Rc4 Rb7 38. g4 Bh4 39. Kg2 Rf6 40.
Rd2 Re6 41. Kh3 Bg5 42. Kg3 f5 43. h4 Be7 44. gxf5 gxf5 45. Rd5 Kg6 46. Nd4 Rf6
47. Rc6 f4+ 48. exf4 Bc5 49. h5+ Kf7 50. Nf5 Bf8 51. Kg4 1-0

[Event "BL 8990 Dortmund-Solingen"]
[Site "?"]
[Date "1990.??.??"]
[Round "?.8"]
[White "Mainka, G."]
[Black "Dueball, J."]
[Result "0-1"]
[WhiteElo "2345"]
[BlackElo "2435"]
[PlyCount "60"]
[EventDate "1990.??.??"]

1. d4 Nf6 2. Nf3 d6 3. c4 g6 4. Nc3 Bg7 5. Bf4 O-O 6. e3 Nc6 7. h3 Bf5 8. Be2
Ne4 9. O-O e5 10. Bh2 exd4 11. exd4 Re8 12. Nd5 Ne7 13. Ne3 Bd7 14. Qb3 Nf5 15.
Nxf5 Bxf5 16. Bd3 c5 17. g4 Ng5 18. Nxg5 Bxd3 19. Nxf7 Kxf7 20. Qxd3 Bxd4 21.
Qf3+ Kg7 22. Qxb7+ Qe7 23. Qd5 Qf6 24. Rad1 Rab8 25. b3 Re2 26. Bg3 Rxa2 27.
Rd3 Rf8 28. Bxd6 Rxf2 29. Bxf8+ Kxf8 30. Rxf2 Qxf2+ 0-1

[Event "BL 8990 Regensburg-Bamberg"]
[Site "?"]
[Date "1990.??.??"]
[Round "?.1"]
[White "Unzicker, W."]
[Black "Meduna, E."]
[Result "1/2-1/2"]
[WhiteElo "2475"]
[BlackElo "2475"]
[PlyCount "41"]
[EventDate "1990.??.??"]

1. e4 c5 2. Nf3 Nc6 3. d4 cxd4 4. Nxd4 e5 5. Nb5 a6 6. Nd6+ Bxd6 7. Qxd6 Qf6 8.
Qc7 Nge7 9. Nc3 Nb4 10. Bd3 d5 11. O-O d4 12. Ne2 Nxd3 13. cxd3 O-O 14. f4 Nc6
15. fxe5 Qxe5 16. Bf4 Qxc7 17. Bxc7 Re8 18. Bb6 f5 19. Nxd4 Nxd4 20. Bxd4 fxe4
21. dxe4 1/2-1/2

[Event "BL 8990 Regensburg-Bamberg"]
[Site "?"]
[Date "1990.??.??"]
[Round "?.2"]
[White "Gross, S."]
[Black "Pfleger, He"]
[Result "0-1"]
[WhiteElo "2435"]
[BlackElo "2505"]
[PlyCount "84"]
[EventDate "1990.??.??"]

1. d4 d5 2. c4 e6 3. Nc3 Nf6 4. cxd5 exd5 5. Bg5 Be7 6. e3 c6 7. Qc2 Nbd7 8.
Bd3 O-O 9. Nge2 Re8 10. O-O g6 11. a3 a5 12. Rad1 Nh5 13. Bxe7 Qxe7 14. Ng3
Nxg3 15. hxg3 Nf6 16. Rfe1 Qf8 17. f3 Qh6 18. Qf2 Qg5 19. Kf1 Bf5 20. Re2 Bxd3
21. Rxd3 Re6 22. Ke1 b5 23. g4 Rae8 24. Kd1 Nd7 25. Kc2 Nb6 26. Nd1 Nc4 27. Kb1
a4 28. Ka2 Kh8 29. Qe1 Qe7 30. Qb4 Qxb4 31. axb4 f5 32. gxf5 gxf5 33. Rc2 Rg6
34. Re2 Reg8 35. Rc3 Rxg2 36. Rcc2 Rg1 37. Nf2 Rf1 38. b3 axb3+ 39. Kxb3 Rgg1
40. e4 Rb1+ 41. Kc3 fxe4 42. fxe4 Rg3+ 0-1

[Event "BL 8990 Regensburg-Bamberg"]
[Site "?"]
[Date "1990.??.??"]
[Round "?.4"]
[White "Mandl, Ro"]
[Black "Kurz, A."]
[Result "1/2-1/2"]
[WhiteElo "2285"]
[BlackElo "2285"]
[PlyCount "93"]
[EventDate "1990.??.??"]

1. Nf3 Nf6 2. c4 g6 3. g3 c5 4. d4 cxd4 5. Nxd4 Nc6 6. Bg2 Nxd4 7. Qxd4 d6 8.
Nc3 Bg7 9. O-O O-O 10. Qd3 a6 11. Bd2 Rb8 12. Rac1 b5 13. cxb5 axb5 14. Nxb5
Bf5 15. e4 Nxe4 16. Bxe4 Bxe4 17. Qxe4 Rxb5 18. b4 Qa8 19. Qc2 Qa3 20. Rfe1 h5
21. Re3 Qa7 22. a4 Rf5 23. Re2 h4 24. Be3 Qb7 25. b5 Qf3 26. Ba7 Ra8 27. Qc6
Rxa7 28. Qxf3 Rxf3 29. b6 Rb7 30. a5 Ra3 31. Rc7 h3 32. Kf1 Rxc7 33. bxc7 Rc3
34. Rxe7 Kh7 35. Rxf7 Kh6 36. Rd7 Rc2 37. a6 Bd4 38. Rxd6 Ba7 39. Rd7 Rxf2+ 40.
Ke1 Rc2 41. Kd1 Rc6 42. Ke2 Kg5 43. Kd3 Kg4 44. Rf7 g5 45. Ke4 Rc1 46. Kd5 Bb6
47. Ke4 1/2-1/2

[Event "BL 8990 Regensburg-Bamberg"]
[Site "?"]
[Date "1990.??.??"]
[Round "?.5"]
[White "Goehring, K."]
[Black "Rother, C."]
[Result "0-1"]
[WhiteElo "2310"]
[BlackElo "2360"]
[PlyCount "60"]
[EventDate "1990.??.??"]

1. d4 e6 2. c4 Nf6 3. Nc3 Bb4 4. Qc2 c5 5. dxc5 Na6 6. Nf3 Nxc5 7. a3 Bxc3+ 8.
Qxc3 O-O 9. b4 Nce4 10. Qd4 d5 11. cxd5 Qxd5 12. Bb2 Bd7 13. e3 Rfd8 14. Bc4
Qxd4 15. Bxd4 a5 16. bxa5 Rdc8 17. Ne5 Rxa5 18. Bd3 Nc5 19. Bc2 Bb5 20. f3 Ncd7
21. Bb3 Nxe5 22. Bxe5 Nd7 23. Bb2 Nc5 24. Bc2 Ba4 25. Rc1 Bxc2 26. Rxc2 Nd3+
27. Kd2 Rd8 28. Kc3 Rd6 29. Rd2 Rad5 30. Rc2 Rc5+ 0-1

[Event "BL 8990 Regensburg-Bamberg"]
[Site "?"]
[Date "1990.??.??"]
[Round "?.7"]
[White "Kestler, H."]
[Black "Schmid, G."]
[Result "1-0"]
[WhiteElo "2355"]
[BlackElo "2315"]
[PlyCount "79"]
[EventDate "1990.??.??"]

1. d4 Nf6 2. Nf3 g6 3. g3 Bg7 4. Bg2 O-O 5. O-O d6 6. c4 Nbd7 7. Nc3 e5 8. e4
exd4 9. Nxd4 Re8 10. Re1 a6 11. Bf4 Rb8 12. Qd2 Ne5 13. b3 c5 14. Nde2 b5 15.
cxb5 axb5 16. Rad1 b4 17. Na4 Bb7 18. Nc1 Nfd7 19. Qxd6 Bf8 20. Qd2 Qa5 21. Nb2
Bg7 22. Qc2 Nb6 23. Nbd3 Nxd3 24. Qxd3 Rbc8 25. Bh3 c4 26. Qb1 Ra8 27. bxc4
Nxc4 28. Qb3 Ba6 29. Bd7 Red8 30. Bc6 Rac8 31. Rxd8+ Rxd8 32. Bd5 Qb5 33. Rd1
Bf6 34. Nd3 Be7 35. h4 Na5 36. Qb2 Nc4 37. Qd4 Qd7 38. Bh6 Bf8 39. Bxf8 Rxf8
40. Nc5 1-0

[Event "BL 8990 Koblenz-Porz"]
[Site "?"]
[Date "1990.??.??"]
[Round "?.1"]
[White "Hort, V."]
[Black "Garcia Palermo, C."]
[Result "1/2-1/2"]
[WhiteElo "2570"]
[BlackElo "2465"]
[PlyCount "26"]
[EventDate "1990.??.??"]

1. d4 d5 2. Nf3 Nf6 3. c4 dxc4 4. e3 e6 5. Bxc4 c5 6. dxc5 Qxd1+ 7. Kxd1 Bxc5
8. Ke2 Ke7 9. a3 a6 10. b4 Bd6 11. Bb2 b5 12. Bd3 Bb7 13. Nbd2 Nbd7 1/2-1/2

[Event "BL 8990 Koblenz-Porz"]
[Site "?"]
[Date "1990.??.??"]
[Round "?.2"]
[White "Braga, F."]
[Black "Christiansen, L."]
[Result "0-1"]
[WhiteElo "2470"]
[BlackElo "2555"]
[PlyCount "42"]
[EventDate "1990.??.??"]

1. e4 g6 2. d4 Bg7 3. Nf3 d6 4. Be2 Nf6 5. Nc3 O-O 6. O-O c6 7. Re1 Qa5 8. Bf4
Nbd7 9. Nd2 Qc7 10. d5 Nb6 11. Nb3 Bd7 12. Rb1 a5 13. h3 a4 14. Nc5 Be8 15. b4
axb3 16. Rxb3 cxd5 17. exd5 Ra5 18. Qb1 Rxc5 19. Rxb6 Rxc3 20. Rxb7 Qc5 21. Bd2
Ne4 0-1

[Event "BL 8990 Koblenz-Porz"]
[Site "?"]
[Date "1990.??.??"]
[Round "?.3"]
[White "Miles, A."]
[Black "Seul, G."]
[Result "1-0"]
[WhiteElo "2580"]
[BlackElo "2355"]
[PlyCount "165"]
[EventDate "1990.??.??"]

1. g3 Nf6 2. Bg2 d5 3. Nf3 e6 4. O-O Be7 5. c4 O-O 6. b3 c5 7. Bb2 Nc6 8. e3 d4
9. exd4 cxd4 10. Re1 Qb6 11. d3 Re8 12. a3 a5 13. Nbd2 Bf8 14. Ne5 Nxe5 15.
Rxe5 Bd7 16. Nf3 Bc5 17. Rc1 Qc7 18. Qe2 Bd6 19. Bxd4 Bxe5 20. Nxe5 Ra6 21. Qf3
Bc8 22. b4 axb4 23. axb4 Qe7 24. Bc5 Qc7 25. Re1 Rd8 26. Qe3 Nd7 27. b5 Nxc5
28. bxa6 Nxa6 29. Nf3 Nb4 30. Rd1 h6 31. Ne1 Nc6 32. Qc5 Qe5 33. Qxe5 Nxe5 34.
Rb1 Rd7 35. Rb3 Kf8 36. f4 Ng6 37. Kf2 Ke7 38. Ke3 Kd8 39. Nf3 Re7 40. d4 Rc7
41. Kd3 Rd7 42. Rb6 Kc7 43. c5 Rd8 44. Kc4 Ne7 45. Ne5 Nf5 46. Kc3 f6 47. Nf3
Ne3 48. Ne1 g5 49. Be4 gxf4 50. gxf4 Nd5+ 51. Bxd5 Rxd5 52. Nd3 Rh5 53. Rb2 Bd7
54. Rg2 Rh3 55. Kc4 Bc6 56. Rg7+ Kd8 57. Nb4 Be4 58. f5 exf5 59. d5 Kc8 60. d6
Rxh2 61. Nd5 Rc2+ 62. Kb3 Bxd5+ 63. Kxc2 f4 64. Kd2 f5 65. Rh7 f3 66. Rxh6 Be4
67. Rh8+ Kd7 68. Rh7+ Kd8 69. Ke3 Kc8 70. Rh2 Kd7 71. Rd2 Bc6 72. Rd1 Be4 73.
Rd4 Bc6 74. Rd2 Ke6 75. Kf4 Be4 76. d7 f2 77. Rd6+ Kf7 78. Rd1 f1=Q+ 79. Rxf1
Ke7 80. Rd1 Kd8 81. Ke5 Bc6 82. Kd6 Bxd7 83. Rh1 1-0

[Event "BL 8990 Koblenz-Porz"]
[Site "?"]
[Date "1990.??.??"]
[Round "?.4"]
[White "Wolf, V."]
[Black "Fleck, J."]
[Result "1/2-1/2"]
[WhiteElo "2340"]
[BlackElo "2415"]
[PlyCount "97"]
[EventDate "1990.??.??"]

1. e4 c5 2. Nc3 Nc6 3. d3 g6 4. Be3 d6 5. Qd2 Bg7 6. g3 e5 7. Bg2 Be6 8. Nge2
Nge7 9. O-O O-O 10. f4 Nd4 11. Rae1 Qd7 12. Nc1 Rae8 13. Nd1 b6 14. c3 Ndc6 15.
b3 d5 16. fxe5 Nxe5 17. d4 cxd4 18. cxd4 N5c6 19. e5 Nf5 20. Ne2 f6 21. Nf4
fxe5 22. dxe5 d4 23. Nxe6 Qxe6 24. Bxc6 Qxc6 25. Bf4 Qd5 26. Qg2 Qxg2+ 27. Kxg2
Re6 28. Nb2 Ne7 29. Nd3 Rc8 30. Rc1 Rec6 31. Kf3 Nd5 32. Rxc6 Rxc6 33. Ke4 Nc3+
34. Kxd4 Nxa2 35. Ra1 Nc3 36. Nb4 Rc5 37. Nd3 Nb5+ 38. Ke4 Rc3 39. b4 Bf8 40.
Rc1 Kf7 41. Bd2 Rxc1 42. Nxc1 Ke6 43. Nd3 Be7 44. g4 Kd7 45. Be1 Nc7 46. h4 a5
47. bxa5 bxa5 48. Bxa5 Bxh4 49. Bxc7 1/2-1/2

[Event "BL 8990 Koblenz-Porz"]
[Site "?"]
[Date "1990.??.??"]
[Round "?.5"]
[White "Lutz, C."]
[Black "Schulz, KJ."]
[Result "1-0"]
[WhiteElo "2410"]
[BlackElo "2350"]
[PlyCount "35"]
[EventDate "1990.??.??"]

1. d4 d5 2. c4 dxc4 3. Nf3 Nf6 4. e3 e6 5. Bxc4 c5 6. O-O a6 7. a4 Nc6 8. Qe2
Qc7 9. Rd1 Bd6 10. dxc5 Bxc5 11. b3 Na5 12. Bb2 Nxc4 13. Qxc4 Bd6 14. Nbd2 Qe7
15. Bxf6 gxf6 16. Ne4 Ba3 17. Rxa3 Qxa3 18. Nd6+ 1-0

[Event "BL 8990 Koblenz-Porz"]
[Site "?"]
[Date "1990.??.??"]
[Round "?.6"]
[White "Brueckner, T."]
[Black "Schoen, W."]
[Result "1/2-1/2"]
[WhiteElo "2410"]
[BlackElo "2360"]
[PlyCount "48"]
[EventDate "1990.??.??"]

1. Nf3 Nf6 2. c4 e6 3. Nc3 d5 4. d4 Bb4 5. cxd5 exd5 6. Bg5 Nbd7 7. e3 c5 8.
Bd3 Qa5 9. O-O c4 10. Bf5 O-O 11. Qc2 Re8 12. Nd2 g6 13. Bh3 Bxc3 14. Qxc3 Qxc3
15. bxc3 Ne4 16. Nxe4 dxe4 17. Bxd7 Bxd7 18. a4 b5 19. axb5 Reb8 20. Rfb1 Rxb5
21. Rxb5 Bxb5 22. Be7 f5 23. Ra5 a6 24. f4 Kf7 1/2-1/2

[Event "BL 8990 Koblenz-Porz"]
[Site "?"]
[Date "1990.??.??"]
[Round "?.7"]
[White "Ostermeyer, P."]
[Black "Doncevic, D."]
[Result "0-1"]
[WhiteElo "2465"]
[BlackElo "2335"]
[PlyCount "80"]
[EventDate "1990.??.??"]

1. f4 g6 2. Nf3 Bg7 3. e4 c5 4. g3 d5 5. exd5 Qxd5 6. Nc3 Qd7 7. Bg2 Nc6 8. O-O
Nh6 9. d3 O-O 10. Kh1 Nf5 11. Ne4 b6 12. c3 Ba6 13. Nf2 Rad8 14. Qa4 Bb7 15.
Bd2 h5 16. Rae1 Rfe8 17. Re2 Nh6 18. h3 Nf5 19. Kh2 Nxg3 20. Kxg3 Nd4 21. Qd1
Nxf3 22. Bxf3 h4+ 23. Kg2 Bxf3+ 24. Kxf3 Qd5+ 25. Ne4 f5 26. Qb3 fxe4+ 27. dxe4
Qxb3 28. axb3 Rd3+ 29. Be3 e5 30. f5 gxf5 31. exf5 e4+ 32. Kg4 Bf6 33. Rg1 Kf7
34. Kh5 Rxe3 35. Rxe3 Rh8+ 36. Kg4 Rg8+ 37. Kf4 Rxg1 38. Kxe4 Rg8 39. Kd5 Rg3
40. Re1 Rxh3 0-1

[Event "BL 8990 Delmenhorst-HSK"]
[Site "?"]
[Date "1990.??.??"]
[Round "?.1"]
[White "Wahls, M."]
[Black "Armas, I."]
[Result "0-1"]
[WhiteElo "2535"]
[BlackElo "2480"]
[PlyCount "66"]
[EventDate "1990.??.??"]

1. e4 c5 2. Nf3 d6 3. d4 Nf6 4. Nc3 cxd4 5. Nxd4 a6 6. Bc4 e6 7. O-O b5 8. Bb3
Be7 9. Qf3 Qb6 10. Be3 Qb7 11. Qg3 Nc6 12. Nxc6 Qxc6 13. f3 O-O 14. Rfd1 Rd8
15. Qf2 Bb7 16. Ne2 Nd7 17. c3 Ne5 18. Nd4 Qe8 19. Qe2 Rac8 20. a4 Nc4 21. Bf2
g6 22. axb5 axb5 23. Ra7 Rc7 24. Rda1 e5 25. Nc2 Ra8 26. Nb4 Rxa7 27. Rxa7 Qc8
28. Ba2 Ba8 29. b3 Rxa7 30. Bxa7 Na5 31. Bb6 Qxc3 32. Bxa5 d5 33. Qd3 Qe1+ 0-1

[Event "BL 8990 Delmenhorst-HSK"]
[Site "?"]
[Date "1990.??.??"]
[Round "?.4"]
[White "Borik, O."]
[Black "Reefschlaeger, H."]
[Result "1-0"]
[WhiteElo "2355"]
[BlackElo "2395"]
[PlyCount "71"]
[EventDate "1990.??.??"]

1. d4 d5 2. Nf3 Nc6 3. Bf4 Bg4 4. e3 e6 5. Be2 Bd6 6. Ne5 Bxe5 7. dxe5 Bxe2 8.
Qxe2 Nge7 9. Nc3 Ng6 10. Bg3 O-O 11. O-O-O Ncxe5 12. f4 Nc4 13. e4 c6 14. f5
Nh8 15. b3 Qg5+ 16. Kb1 Ne3 17. Rd3 exf5 18. exd5 Nxd5 19. Nxd5 cxd5 20. Rxd5
Ng6 21. Rf1 Qg4 22. Qxg4 fxg4 23. Rd7 f5 24. Rxb7 f4 25. Bf2 Rf7 26. Rxf7 Kxf7
27. Be3 Re8 28. Bxa7 Re2 29. Bf2 h5 30. a4 Ke6 31. a5 Kd7 32. a6 Kc6 33. Kb2
Ne5 34. Kc3 f3 35. gxf3 Nxf3 36. Ra1 1-0

[Event "BL 8990 Delmenhorst-HSK"]
[Site "?"]
[Date "1990.??.??"]
[Round "?.5"]
[White "Wegner, H."]
[Black "Schlemermeyer, W."]
[Result "1-0"]
[WhiteElo "2365"]
[BlackElo "2385"]
[PlyCount "76"]
[EventDate "1990.??.??"]

1. d4 d5 2. c4 c6 3. Nf3 Nf6 4. Nc3 dxc4 5. a4 Bf5 6. Ne5 e6 7. f3 Bb4 8. e4
Bxe4 9. fxe4 Nxe4 10. Bd2 Qxd4 11. Nxe4 Qxe4+ 12. Qe2 Bxd2+ 13. Kxd2 Qd5+ 14.
Kc2 Na6 15. Nxc4 O-O 16. Qe5 Rfd8 17. Be2 f6 18. Qxd5 cxd5 19. Na5 Rac8+ 20.
Kb1 Nb4 21. Nxb7 Rd7 22. Na5 d4 23. Ra3 d3 24. Bf3 Rdc7 25. Bb7 Rd8 26. Rb3 Rd4
27. Rc3 Re7 28. Nb3 Rf4 29. Nc5 e5 30. Nxd3 Rxb7 31. Nxf4 exf4 32. Rhc1 Nd5 33.
Rd3 Ne3 34. g3 g5 35. gxf4 gxf4 36. Rd4 Ng2 37. Rc2 f3 38. Rf2 Ne1 {ZÜ} 1-0

[Event "BL 8990 Delmenhorst-HSK"]
[Site "?"]
[Date "1990.??.??"]
[Round "?.6"]
[White "Breutigam, M."]
[Black "Michaelsen, N."]
[Result "1-0"]
[WhiteElo "2320"]
[BlackElo "2345"]
[PlyCount "62"]
[EventDate "1990.??.??"]

1. d4 Nf6 2. c4 g6 3. Nc3 d5 4. Nf3 Bg7 5. Bg5 Ne4 6. cxd5 Nxg5 7. Nxg5 e6 8.
Qd2 exd5 9. Qe3+ Kf8 10. Qf4 Qf6 11. Qxc7 Na6 12. Qg3 Nb4 13. Rc1 Bf5 14. e3
Qb6 15. Qf3 Bf6 16. g4 Nc2+ 17. Rxc2 Bxc2 18. Nxd5 Qd6 19. Qxf6 Qxf6 20. Nxf6
Kg7 21. Nge4 Rac8 22. Kd2 Bb1 23. Bd3 Bxd3 24. Kxd3 Rc6 25. Nd5 Rd8 26. Ndc3 b5
27. Nxb5 Rb6 28. Nbc3 Rxb2 29. Rb1 Rdb8 30. Rxb2 Rxb2 31. g5 h6 1-0